| 000 | 00758nam a2200253 a 4500 | ||
|---|---|---|---|
| 005 | 20210219153208.0 | ||
| 008 | 991125n 000 0 u | ||
| 035 | _aUPN01000083566 | ||
| 100 | _aRoming, Charles | ||
| 222 | _aJOURNAL OF YOUTH AND ADOLESCENCE | ||
| 245 | _aIntimacy development in middle adolescence : its relationship to gender and family cohesion and adaptability | ||
| 300 | _a325-338 | ||
| 362 | _a21, No. 3, 1992 | ||
| 505 | _aJunio 1993 | ||
| 653 | 0 | _aADAPTACION SOCIAL | |
| 653 | 0 | _aDESARROLLO DEL ADOLESCENTE | |
| 653 | 0 | _aDIFERENCIAS SEXUALES | |
| 653 | 0 | _aESTUDIANTES DEL CENTRO DE ENSE\197ANZA | |
| 653 | 0 | _aFAMILIA | |
| 653 | 0 | _aINTIMIDAD | |
| 700 | _aBakken, Linda | ||
| 904 |
_aAC _b021377 |
||
| 905 | _aArticulo | ||
| 999 |
_c70775 _d70775 |
||